<?xml version="1.0" encoding="UTF-8"?>
<record
    xmlns:xsi="http://www.w3.org/2001/XMLSchema-instance"
    xsi:schemaLocation="http://www.loc.gov/MARC21/slim http://www.loc.gov/standards/marcxml/schema/MARC21slim.xsd"
    xmlns="http://www.loc.gov/MARC21/slim">

  <leader>01489nam1a22002291i 4500</leader>
  <controlfield tag="001">rc\4389787</controlfield>
  <controlfield tag="005">20240724144539.0</controlfield>
  <datafield tag="035" ind1=" " ind2=" ">
    <subfield code="a">(NLR Aleph) 008552909</subfield>
  </datafield>
  <datafield tag="090" ind1=" " ind2=" ">
    <subfield code="a">8417554</subfield>
    <subfield code="c">8417554</subfield>
  </datafield>
  <datafield tag="100" ind1=" " ind2=" ">
    <subfield code="a">20130416d1967    |||y0rusy50      ca</subfield>
  </datafield>
  <datafield tag="101" ind1="0" ind2=" ">
    <subfield code="a">rus</subfield>
  </datafield>
  <datafield tag="102" ind1=" " ind2=" ">
    <subfield code="a">RU</subfield>
  </datafield>
  <datafield tag="105" ind1=" " ind2=" ">
    <subfield code="a">y   z   |||||</subfield>
  </datafield>
  <datafield tag="200" ind1="1" ind2=" ">
    <subfield code="a">&#x422;&#x435;&#x437;&#x438;&#x441;&#x44B; &#x434;&#x43E;&#x43A;&#x43B;&#x430;&#x434;&#x43E;&#x432;</subfield>
    <subfield code="e">&#x412;&#x44B;&#x43F;. 1-</subfield>
    <subfield code="f">&#x410;&#x41D; &#x421;&#x421;&#x421;&#x420;. &#x41E;&#x431;&#x44A;&#x435;&#x434;. &#x43D;&#x430;&#x443;&#x447;. &#x441;&#x43E;&#x432;&#x435;&#x442; "&#x424;&#x438;&#x437;&#x438;&#x43E;&#x43B;&#x43E;&#x433;&#x438;&#x44F; &#x447;&#x435;&#x43B;&#x43E;&#x432;&#x435;&#x43A;&#x430; &#x438; &#x436;&#x438;&#x432;&#x43E;&#x442;&#x43D;&#x44B;&#x445;". &#x41C;-&#x432;&#x43E; &#x437;&#x434;&#x440;&#x430;&#x432;&#x43E;&#x43E;&#x445;&#x440;&#x430;&#x43D;&#x435;&#x43D;&#x438;&#x44F; &#x421;&#x421;&#x421;&#x420;. &#x426;&#x435;&#x43B;&#x438;&#x43D;&#x43E;&#x433;&#x440;. &#x43C;&#x435;&#x434;. &#x438;&#x43D;-&#x442;. &#x41C;-&#x432;&#x43E; &#x441;&#x435;&#x43B;. &#x445;&#x43E;&#x437;-&#x432;&#x430; &#x421;&#x421;&#x421;&#x420;. &#x426;&#x435;&#x43B;&#x438;&#x43D;&#x43E;&#x433;&#x440;. &#x441;.-&#x445;. &#x438;&#x43D;-&#x442;. VIII &#x43D;&#x430;&#x443;&#x447;. &#x43A;&#x43E;&#x43D;&#x444;&#x435;&#x440;&#x435;&#x43D;&#x446;&#x438;&#x44F; &#x43F;&#x43E; &#x43A;&#x43E;&#x440;&#x442;&#x438;&#x43A;&#x43E;-&#x432;&#x438;&#x441;&#x446;&#x435;&#x440;&#x430;&#x43B;&#x44C;&#x43D;&#x44B;&#x43C; &#x432;&#x437;&#x430;&#x438;&#x43C;&#x43E;&#x43E;&#x442;&#x43D;&#x43E;&#x448;&#x435;&#x43D;&#x438;&#x44F;&#x43C; &#x432; &#x444;&#x438;&#x437;&#x438;&#x43E;&#x43B;&#x43E;&#x433;&#x438;&#x438;, &#x43C;&#x435;&#x434;&#x438;&#x446;&#x438;&#x43D;&#x435; &#x438; &#x431;&#x438;&#x43E;&#x43B;&#x43E;&#x433;&#x438;&#x438;, &#x43F;&#x43E;&#x441;&#x432;&#x44F;&#x449;. 50-&#x43B;&#x435;&#x442;&#x438;&#x44E; &#x412;&#x435;&#x43B;&#x438;&#x43A;&#x43E;&#x439; &#x41E;&#x43A;&#x442;&#x44F;&#x431;&#x440;&#x44C;&#x441;&#x43A;&#x43E;&#x439; &#x441;&#x43E;&#x446;. &#x440;&#x435;&#x432;&#x43E;&#x43B;&#x44E;&#x446;&#x438;&#x438;. 20-27 &#x430;&#x43F;&#x440;. 1967 &#x433;., &#x426;&#x435;&#x43B;&#x438;&#x43D;&#x43E;&#x433;&#x440;&#x430;&#x434;</subfield>
  </datafield>
  <datafield tag="210" ind1=" " ind2=" ">
    <subfield code="a">&#x41B;&#x435;&#x43D;&#x438;&#x43D;&#x433;&#x440;&#x430;&#x434;</subfield>
    <subfield code="c">&#x41D;&#x430;&#x443;&#x43A;&#x430;. &#x41B;&#x435;&#x43D;&#x438;&#x43D;&#x433;&#x440;. &#x43E;&#x442;&#x434;-&#x43D;&#x438;&#x435;</subfield>
    <subfield code="d">1967</subfield>
  </datafield>
  <datafield tag="215" ind1=" " ind2=" ">
    <subfield code="d">21</subfield>
  </datafield>
  <datafield tag="606" ind1=" " ind2=" ">
    <subfield code="a">&#x41A;&#x43E;&#x440;&#x442;&#x438;&#x43A;&#x43E;-&#x432;&#x438;&#x441;&#x446;&#x435;&#x440;&#x430;&#x43B;&#x44C;&#x43D;&#x44B;&#x435; &#x432;&#x437;&#x430;&#x438;&#x43C;&#x43E;&#x43E;&#x442;&#x43D;&#x43E;&#x448;&#x435;&#x43D;&#x438;&#x44F;</subfield>
    <subfield code="j">&#x422;&#x435;&#x437;&#x438;&#x441;&#x44B; &#x434;&#x43E;&#x43A;&#x43B;&#x430;&#x434;&#x43E;&#x432;</subfield>
    <subfield code="2">psbo</subfield>
  </datafield>
  <datafield tag="710" ind1="1" ind2="2">
    <subfield code="a">&#x412;&#x441;&#x435;&#x441;&#x43E;&#x44E;&#x437;&#x43D;&#x430;&#x44F; &#x43A;&#x43E;&#x43D;&#x444;&#x435;&#x440;&#x435;&#x43D;&#x446;&#x438;&#x44F; &#x43F;&#x43E; &#x43A;&#x43E;&#x440;&#x442;&#x438;&#x43A;&#x43E;-&#x432;&#x438;&#x441;&#x446;&#x435;&#x440;&#x430;&#x43B;&#x44C;&#x43D;&#x44B;&#x43C; &#x432;&#x437;&#x430;&#x438;&#x43C;&#x43E;&#x43E;&#x442;&#x43D;&#x43E;&#x448;&#x435;&#x43D;&#x438;&#x44F;&#x43C; &#x432; &#x444;&#x438;&#x437;&#x438;&#x43E;&#x43B;&#x43E;&#x433;&#x438;&#x438;, &#x43C;&#x435;&#x434;&#x438;&#x446;&#x438;&#x43D;&#x435; &#x438; &#x431;&#x438;&#x43E;&#x43B;&#x43E;&#x433;&#x438;&#x438; (1967; &#x426;&#x435;&#x43B;&#x438;&#x43D;&#x43E;&#x433;&#x440;&#x430;&#x434;)</subfield>
  </datafield>
  <datafield tag="801" ind1=" " ind2="0">
    <subfield code="a">RU</subfield>
    <subfield code="b">NLR</subfield>
    <subfield code="g">psbo</subfield>
  </datafield>
  <datafield tag="801" ind1=" " ind2="1">
    <subfield code="a">RU</subfield>
    <subfield code="b">ELAR</subfield>
    <subfield code="2">rusmarc</subfield>
  </datafield>
  <datafield tag="852" ind1=" " ind2=" ">
    <subfield code="a">NLR</subfield>
    <subfield code="j">67-5/2501</subfield>
  </datafield>
  <datafield tag="942" ind1=" " ind2=" ">
    <subfield code="c">BOOK</subfield>
  </datafield>
</record>
